书目信息 |
| 题名: |
列宁文稿
|
|
| 作者: | ;中共中央马恩列斯著作编译局 | |
| 分册: | 第五卷 | |
| 出版信息: | 北京 人民出版社 1978.10 |
|
| 页数: | 482页 | |
| 开本: | 20cm | |
| 丛书名: | ||
| 单 册: | ||
| 中图分类: | A21 | |
| 科图分类: | ||
| 主题词: | 列宁著作--选集 , 列宁著作--文集 | |
| 电子资源: | ||
| ISBN: | ||
| 000 | 00614nam0 2200205 45 | |
| 001 | 0181023508 | |
| 005 | 20070719100355.76 | |
| 010 | @b精装@dCNY1.55 | |
| 091 | @a1001.1154 | |
| 100 | @a20810111d km y0chiy0120 ea | |
| 101 | 0 | @achi@crus |
| 200 | 1 | @ALie Ning Wen Gao@a列宁文稿@h第五卷@f中共中央马恩列斯著作编译局@FZhong Gong Zhong Yang Ma En Lie Si Zhu Zuo Bian Yi Ju |
| 210 | @a北京@c人民出版社@d1978.10 | |
| 215 | @a482页@d20cm | |
| 606 | 0 | @a列宁著作@x选集 |
| 606 | 0 | @a列宁著作@x文集 |
| 690 | @aA21@v3 | |
| 711 | 02 | @a中共中央马恩列斯著作编译局 |
| 801 | @aCN@bTSTC@c20070719 | |
| 905 | @dA21@e2:5@f1@b3812 | |
| 列宁文稿.第五卷/中共中央马恩列斯著作编译局.-北京:人民出版社,1978.10 |
| 482页;20cm |
| ISBN (精装):CNY1.55 |
| ● |
| 相关链接 |
|
|
|
|
正题名:列宁文稿
索取号:A21/2:5
 
预约/预借
| 序号 | 登录号 | 条形码 | 馆藏地/架位号 | 状态 | 备注 |
| 1 | 0003811 | 000949736 | 第一样本阅览室/ [索取号:A21/2:5] | 在馆 | |
| 2 | 0003812 | 001853220 | 密集书库/ [索取号:A21/2:5] | 在馆 | |
| 3 | 0003813 | 001828339 | 密集书库/ [索取号:A21/2:5] | 在馆 | |
| 4 | 0770402 | 207704028 | 密集书库/ [索取号:A21/2:5] | 在馆 |